| 000 | 00415nam a22001577a 4500 | ||
|---|---|---|---|
| 003 | OSt | ||
| 005 | 20140310182459.0 | ||
| 008 | 130806t xxu||||| |||| 00| 0 eng d | ||
| 020 | _a9789712718342 | ||
| 050 |
_aHQ 799 _b.Y68 2006 |
||
| 245 | _aYoungblood 3 / | ||
| 260 |
_aPhilippines : _bAnvil and Philippine Daily Inquirer, Inc., _cc2006. |
||
| 300 |
_a219 p. : _c22 cm. |
||
| 942 |
_2lcc _cSSLC |
||
| 999 |
_c13779 _d13779 |
||